DOPAMINE - Lil Tecca - Statistics

General Stats
  • This quiz has been taken 55 times
  • The average score is 11 of 17
Answer Stats
Songs Plays Artists % Correct
Dark Thoughts 308,438,223 Lil Tecca
94%
OWA OWA 105,704,187 Lil Tecca
90%
Hollywood 10,713,310 Lil Tecca
73%
Boys Don't Cry 19,639,329 Lil Tecca
69%
Favorite Lie 24,293,564 Lil Tecca
69%
Tic Tac Toe 17,864,792 Lil Tecca, Ken Carson
67%
Irish Goodbye 8,792,586 Lil Tecca
65%
X Factor 8,160,417 Lil Tecca
65%
On Your Own 21,702,448 Lil Tecca
63%
The Truth 12,042,496 Lil Tecca
61%
Half The Plot 23,715,698 Lil Tecca
59%
LYK 7,507,183 Lil Tecca
57%
Don't Rush 9,069,219 Lil Tecca
55%
Malibu's Most Wanted 6,694,476 Lil Tecca
53%
Sure Of It 7,516,046 Lil Tecca
51%
One Night 7,233,737 Lil Tecca
47%
Wake Up 6,593,614 Lil Tecca
45%
No matching quizzes found
Score Distribution
Percent of People with Each Score
Percentile by Number Answered
Your Score History
You have not taken this quiz